000 00712nam a2200253 a 4500
005 20140310183620.0
008 121023s19uu xx 00 eng d
020 _a9789812728562
050 _aRT 84.5
_b.Al436 2010
100 _aAlligood, Martha Raile
245 _aNursing theory /
_c[edited by] Martha Raile Alligood, Ann Marriner-Tomey.
250 _a7th ed.
260 _aSingapore :
_bMosby / Elsevier,
_c2010.
300 _axviii, 797 p. :
500 _aIncludes index
521 _aNUR
650 _aNursing models
650 _aNursing Theory
650 _aNursing
_xPhilosophy
650 _aModels, Nursing
700 _aTomey, Ann Marriner
942 _cBK
_2lcc
_kFOR
999 _c25380
_d25380